Statistiques concernant Aéroports de France par codes OACI et IATA

Cliquez ici pour prendre le quiz!

Statistiques générales

  • Ce quiz a été pris 255 fois
  • Le résultat moyen est 27 sur 91

Statistiques - réponses

OACIIATAAéroport% Correct
LFMNNCEAéroport de Nice-Côte d'Azur
94%
LFBOTLSAéroport de Toulouse-Blagnac
93%
LFMLMRSAéroport de Marseille-Provence
91%
LFPOORYAéroport de Paris-Orly
90%
LFKJAJAAéroport d'Ajaccio-Napoléon-Bonaparte
89%
LFPGCDGAéroport de Paris-Charles-de-Gaulle
88%
LFBDBODAéroport de Bordeaux-Mérignac
87%
LFQQLILAéroport de Lille-Lesquin
86%
LFSDDIJAéroport de Dijon-Bourgogne
83%
LFRSNTEAéroport de Nantes-Atlantique
83%
LFLLLYSAéroport de Lyon-Saint-Éxupéry
82%
LFMTMPLAéroport de Montpellier-Méditerranée
80%
LFSTSXBAéroport de Strasbourg-Entzheim
65%
LFKBBIAAéroport de Bastia-Poretta
63%
LFRBBESAéroport de Brest-Bretagne
60%
LFTHTLNAéroport de Toulon-Hyères
60%
LFBZBIQAéroport de Biarritz-Pays basque
58%
LFOBBVAAéroport de Paris-Beauvais-Tillé
57%
LFRNRNSAéroport de Rennes-Saint-Jacques
53%
LFLSGNBAéroport de Grenoble-Alpes-Isère
52%
LFMUBZRAéroport de Béziers-Cap d'Agde en Languedoc
46%
LFPBLBGAéroport de Paris-Le Bourget
44%
LFLWAURAéroport d'Aurillac
43%
LFBLLIGAéroport de Limoges-Bellegarde
38%
LFLCCFEAéroport de Clermont-Ferrand-Auvergne
35%
LFKFFSCAéroport de Figari-Sud-Corse
35%
LFBHLRHAéroport de la Rochelle-Île de Ré
35%
LFBPPUFAéroport de Pau-Pyrénées
35%
LFJLETZAéroport de Metz-Nancy-Lorraine
32%
LFKCCLYAéroport de Calvi-Sainte-Catherine
31%
LFLYLYNAéroport de Lyon-Bron
31%
LFBTLDEAéroport de Tarbes-Lourdes-Pyrénées
31%
LFBAAGFAéroport d'Agen-La Garenne
29%
LFRHLRTAéroport de Lorient-Bretagne-Sud
28%
LFGJDLEAéroport de Dole-Jura
27%
LFBXPGXAéroport de Périgueux-Bassillac
27%
LFDHAUCAéroport d'Auch-Gers
25%
LFRDDNRAéroport de Dinard-Pleurtuit-Saint-Malo
24%
LFLPNCYAéroport d'Annecy Haute-Savoie Mont-Blanc
23%
LFQGNVSAéroport de Nevers-Fourchambault
23%
LFRKCFRAéroport de Caen-Carpiquet
22%
LFOKXCRAéroport de Paris-Châlons-Vatry
22%
LFSLBVEAéroport de Brive-Souillac
21%
LFBIPISAéroport de Poitiers-Biard
21%
LFPNTNFAéroport de Toussus-le-Noble
21%
LFOZOREAéroport du Loiret-Orléans-Saint-Denis-de-l'Hôtel
21%
LFLXCHRAéroport de Châteauroux-Centre
20%
LFSGEPLAéroport d'Épinal-Mirecourt
20%
LFOTTUFAéroport de Tours-Val de Loire
20%
LFRQUIPAéroport de Quimper-Bretagne
19%
LFBEEGCAéroport de Bergerac-Roumanière
18%
LFOPUROAéroport de Rouen-Vallée-de-Seine
18%
LFSBEAPAéroport de Bâle-Mulhouse-Fribourg
17%
LFMDCEQAéroport de Cannes-Mandelieu
17%
LFLBCMFAéroport de Chambéry-Savoie
17%
LFRZSNRAéroport de Saint-Nazaire-Montoir
16%
LFATLTQAéroport du Touquet-Paris-Plage-Côte-d'Opale
16%
LFCKDCMAéroport de Castres-Mazamet
15%
LFRGDOLAéroport de Deauville-Normandie
15%
LFOHLEHAéroport du Havre-Octeville
15%
LFMKCCFAéroport de Carcassonne-Salvaza
14%
LFRCCERAéroport de Cherbourg-Maupertus
14%
LFLAAUFAéroport d'Auxerre-Branches
13%
LFGACMRAéroport de Colmar-Houssen
12%
LFMHEBUAéroport de Saint-Étienne-Loire
12%
LFTWFNIAéroport de Nîmes-Garons
11%
LFACCQFAéroport de Calais-Dunkerque
10%
LFPTPOXAéroport de Pontoise-Cormeilles-en-Vexin
10%
LFRMLMEAéroport du Mans-Arnage
10%
LFHPLPYAéroport du Puy-Loudes
9%
LFOVLVAAéroport de Laval-Entrammes
8%
LFAVXVSAéroport de Valenciennes-Denain
6%
LFAQBYFAéroport d'Albert-Picardie
5%
LFTZLTTAéroport de la Môle-Saint-Tropez
5%
LFRUMXNAéroport de Morlaix-Ploujean
5%
LFSNENCAéroport de Nancy-Essey
5%
LFDNRCOAéroport de Rochefort-Charente-Maritime
5%
LFLHXCDAéroport de Châlon-Champforgeuil
4%
LFQBQYRAéroport de Troyes-Barberey
4%
LFMPPGFAéroport de Perpignan-Rivesaltes
3%
LFMQCTTAéroport du Castellet
3%
LFCRRDZAéroport de Rodez-Aveyron
2%
LFJRANEAéroport d'Angers-Loire
1%
LFBUANGAéroport d'Angoulême-Cognac
1%
LFMVAVNAéroport d'Avignon-Provence
1%
LFROLAIAéroport de Lannion-Côte de Granit Rose
1%
LFQTHZBAéroport de Merville-Calonne
1%
LFRTSBKAéroport de Saint-Brieuc-Armor
1%
LFLUVAFAéroport de Valence-Chabeuil
1%
LFRVVNEAéroport de Vannes-Golfe du Morbihan
1%
LFLVVHYAéroport de Vichy-Charmeil
1%

Distribution des résultats

Percentile par nombre de réponses

% des personnes avec chaque résultat

Votre développement - résultats

Vous n’avez pas pris ce quiz